Interpretación de las normas y derecho penal

Uloženo v:
Podrobná bibliografie
Hlavní autor: Alonso, Juan Pablo (Autor)
Médium: Kniha
Jazyk:španělština
Vydáno: Buenos Aires Del Puerto 2006
Vydání:1a. ed
Edice:Tesis Doctoral, 4
Témata:
Tagy: Přidat tag
Žádné tagy, Buďte první, kdo vytvoří štítek k tomuto záznamu!

MARC

LEADER 00000nam a2200000 a 4500
001 UCI6309
003 CL-VaPUC
005 20211222171748.0
008 080430e20060000AG |||||||||||||||||spa|d
999 |c 329832  |d 329830 
020 |a 9879120809 
040 |c Pontificia Universidad Católica de Valparaíso 
082 0 4 |a 345  |b ALO  |2 21 
100 0 |a Alonso, Juan Pablo  |e author  |9 529119 
245 1 0 |a Interpretación de las normas y derecho penal 
250 |a 1a. ed 
260 |a Buenos Aires  |b Del Puerto  |c 2006 
300 |a 337 p 
490 0 |a Tesis Doctoral, 4 
583 |a last modification  |c 20150327 10:17:53  |k Rodrigo Vera 
650 7 |a DERECHO PENAL  |2 CL-VaPUC  |9 11 
650 0 |a Filosofía del derecho   |9 255050 
650 7 |a DELITO DE LESIONES  |2 CL-VaPUC  |9 529120 
650 0 |a Interpretación jurídica  |9 380837 
852 |a BIBCUR 
942 |c BK  |2 ddc 
945 |d 20080430 00:00:00  |a rbrito 
952 |0 0  |1 0  |2 ddc  |4 0  |6 345_000000000000000_ALO_2006  |7 0  |8 A  |9 414946  |a BIBDER  |b BIBDER  |d 2019-11-22  |i 4435958  |l 1  |o 345 ALO 2006  |p 4435958  |r 2023-01-25  |s 2020-11-12  |w 2019-11-22  |y BK  |k DER